| 000 | 03417nam2a22002771 4500 | ||
|---|---|---|---|
| 001 | RU\NLR\A1\12123 | ||
| 005 | 20251203152403.2 | ||
| 035 | _a(NLR Aleph) 009674599 | ||
| 090 |
_a9677131 _c9677131 |
||
| 100 | _a19970801d1800 m y0rusy50 ca | ||
| 101 | 1 |
_arus _cfre |
|
| 102 | _aRU | ||
| 140 | _ay a e lgyaa0000 | ||
| 200 | 0 | _aЧ.2 | |
| 210 | _d1800 | ||
| 215 | _aVIII, 467, [1] с., 2 л. ил. | ||
| 316 |
_aЭкз. РНБ (18.13.7.8(ч.2)) в цельнокожаном светло-коричневом пер. с разводами. Корешок гладкий, с золотым тиснением и двумя красными кожаными наклейками, верхняя с загл.: "История краблекру[шений]", нижняя с указанием номера части: "2". На нижней крышке пер. наклейка с шифром РНБ. На форзаце ярлык с шифром РНБ и старый ярлык. На тит. л., с.33 и 467 круглый штамп ГПБ. _5NLR: 18.13.7.8(ч.2) |
||
| 316 |
_aЭкз. РНБ (138/549(ч.2)) в цельнокожаном коричневом пер. Корешок гладкий, с блинтовым тиснением и черной кожаной наклейкой с загл. и номером части: "История краблекру[шений] 2.". Ниже серая наклейка с перечеркнутыми цифрами. На нижней крышке пер. экслибрис Рус. фонда ГПБ с шифром. На форзаце наклейка с шифром РНБ. На тит. л. круглый штамп ГПБ: "Дублет". На обороте тит. л. и с.33 круглый штамп ГПБ. Имеются пятна. Экз. деф.: отсутствуют 2 л. ил. _5NLR: 138/549(ч.2) |
||
| 461 | 1 |
_1001RU\NLR\A1\12121 _12000#$aИстория кораблекрушений, или Собрание любопытнейших повествований о кораблекрушениях, зимованиях, пожарах, голоде и других нещастных приключенияхслучившихся на море, известных свету пятагонадесять веку до ныне.$fПеревел с французскаго Гр[игорий] Я[ценков]$vЧ.2 _1700#1$6z01700$7ba$aDeperthes$bJ.L.H.S.$f1730-1792$gJean Louis Hubert Simon$4070 _1700#1$6z01700$aДеперт$bЖ.Л.Ю.С.$f1730-1792$gЖан Луи Юбер Симон$4070 _99677124 _aДеперт, Ж. Л. Ю. С. (1730-1792) _cМосква _d1799-1800 _fПеревел с французскаго Гр[игорий] Я[ценков] _nв Университетской типографии, у Ридигера и Клаудия _tИстория кораблекрушений, или Собрание любопытнейших повествований о кораблекрушениях, зимованиях, пожарах, голоде и других нещастных приключениях, случившихся на море, известных свету пятагонадесять веку до ныне. _vЧ.2 |
|
| 801 | 0 |
_aRU _bNLR _c19970801 |
|
| 852 |
_aNLR _j18.13.7.8(ч.2) |
||
| 852 |
_aNLR _j138/549(ч.2) |
||
| 942 | _cBOOK | ||
| 980 | _aNB | ||
| 980 | _aA1XVIIIv | ||